[Event "Barcelona Rubi op-B 5th"]
[Site "Barcelona"]
[Date "2004.04.??"]
[Round "4"]
[White "Parals Roura, Jordi"]
[Black "Rubio Notario, David"]
[Result "1-0"]
[WhiteElo "1940"]
[BlackElo "1930"]
[PlyCount "69"]
[EventDate "2004.04.25"]
[EventType "swiss"]
[EventRounds "7"]
[EventCountry "ESP"]
[SourceTitle "EXT 2007"]
[Source "ChessBase"]
[SourceDate "2006.11.23"]
[SourceVersion "1"]
[SourceVersionDate "2006.11.23"]
[SourceQuality "1"]

1. d4 Nf6 2. Bg5 e6 3. e4 Be7 4. e5 Nd5 5. Bxe7 Qxe7 6. c3 c5 7. Nf3 cxd4 8. cxd4 Nc6 9. Be2 Qb4+ 10. Qd2 Qxd2+ 11. Kxd2 0-0 12. Nc3 Nf4 13. g3 Nxe2 14. Kxe2 b6 15. Rhd1 Ba6+ 16. Ke3 f6 17. Rac1 Bb7 18. Ne4 Nb4 19. exf6 gxf6 20. Nd6 Nd5+ 21. Ke2 Ba6+ 22. Kd2 Kg7 23. Nh4 h5 24. Ng2 e5 25. Ne3 Nxe3 26. Kxe3 Rfd8 27. Rc7 Kf8 28. dxe5 fxe5 29. Ke4 Be2 30. Rd2 Bg4 31. Kxe5 Be6 32. b3 Ke7 33. f4 Bg4 34. f5 Rf8 35. Rf2 1-0

[Event "Barcelona Rubi op-B 5th"]
[Site "Barcelona"]
[Date "2004.04.??"]
[Round "7"]
[White "Pascual Soro, Antonio"]
[Black "Parals Roura, Jordi"]
[Result "0-1"]
[WhiteElo "1800"]
[BlackElo "1920"]
[PlyCount "110"]
[EventDate "2004.04.25"]
[EventType "swiss"]
[EventRounds "7"]
[EventCountry "ESP"]
[SourceTitle "EXT 2007"]
[Source "ChessBase"]
[SourceDate "2006.11.23"]
[SourceVersion "1"]
[SourceVersionDate "2006.11.23"]
[SourceQuality "1"]

1. d4 d5 2. Nf3 Nf6 3. e3 Nc6 4. Bd3 Qd6 5. b3 e5 6. Ba3 Qe6 7. dxe5 Bxa3 8. Nxa3 Nxe5 9. Nxe5 Qxe5 10. 0-0 0-0 11. c4 Be6 12. cxd5 Bxd5 13. Bc4 Rad8 14. Qe2 Qg5 15. Bxd5 Rxd5 16. Rad1 Rfd8 17. Nb5 Ne4 18. Rxd5 Rxd5 19. Nd4 h5 20. Rc1 c5 21. f3 Rxd4 22. fxe4 Rxe4 23. Rc3 f5 24. Rxc5 Rxe3 25. Rxf5 Rxe2 26. Rxg5 Rxa2 27. Rxh5 Kf7 28. Rb5 b6 29. h3 Rc2 30. Kh2 Ke6 31. Kg3 Rc5 32. Rb4 Kd5 33. Kh4 b5 34. Rg4 Rc7 35. Rg5+ Kc6 36. Kh5 a5 37. h4 Rd7 38. g4 Rd5 39. Kg6 Rxg5+ 40. hxg5 a4 41. bxa4 bxa4 42. Kxg7 a3 43. g6 a2 44. Kh7 a1Q 45. g7 Qh1+ 46. Kg6 Qe4+ 47. Kf7 Qf4+ 48. Ke8 Qb8+ 49. Kf7 Qc7+ 50. Kf6 Qd8+ 51. Kf7 Qd7+ 52. Kg6 Qxg4+ 53. Kf7 Qf5+ 54. Ke8 Qg6+ 55. Kf8 Qf6+ 0-1

[Event "Barcelona Sant Marti op 05th"]
[Site "Barcelona"]
[Date "2003.06.14"]
[Round "8.21"]
[White "Parals Roura, Jordi"]
[Black "Domingo Mila, Roger"]
[Result "0-1"]
[WhiteElo "1960"]
[BlackElo "1885"]
[PlyCount "46"]
[EventDate "2003.04.26"]
[EventType "swiss"]
[EventRounds "9"]
[EventCountry "ESP"]
[SourceTitle "EXT 2004"]
[Source "ChessBase"]
[SourceDate "2003.11.25"]
[SourceVersion "1"]
[SourceVersionDate "2003.11.25"]
[SourceQuality "1"]

1. d4 d5 2. c4 c6 3. Nc3 Nf6 4. Bg5 Nbd7 5. e3 e6 6. Nf3 Be7 7. cxd5 exd5 8. Bd3 h6 9. Bh4 Bd6 10. 0-0 Qc7 11. e4 dxe4 12. Nxe4 Nxe4 13. Bxe4 g5 14. Bg3 Bxg3 15. fxg3 Nf6 16. Qe2 Nxe4 17. Qxe4+ Qe7 18. Rae1 Qxe4 19. Rxe4+ Be6 20. Ne5 0-0 21. b3 Rad8 22. Ng4 Bxg4 23. Rxg4 f5 0-1

[Event "Barcelona Sant Marti op 05th"]
[Site "Barcelona"]
[Date "2003.05.24"]
[Round "5.21"]
[White "Vizcarrondo Arpal, Josep"]
[Black "Parals Roura, Jordi"]
[Result "1/2-1/2"]
[WhiteElo "1840"]
[BlackElo "1960"]
[PlyCount "129"]
[EventDate "2003.04.26"]
[EventType "swiss"]
[EventRounds "9"]
[EventCountry "ESP"]
[SourceTitle "EXT 2004"]
[Source "ChessBase"]
[SourceDate "2003.11.25"]
[SourceVersion "1"]
[SourceVersionDate "2003.11.25"]
[SourceQuality "1"]

1. e4 e5 2. Nf3 Nf6 3. d4 d6 4. dxe5 Nxe4 5. exd6 Bxd6 6. Qd4 0-0 7. Be3 Re8 8. Bb5 Bd7 9. Bxd7 Qxd7 10. Nbd2 Nc6 11. Qc4 Nxd2 12. Nxd2 Ne5 13. Qb3 Qg4 14. Qxb7 Rab8 15. Qe4 Rxb2 16. 0-0 Qh5 17. Qa4 Reb8 18. h3 a5 19. c4 R2b4 20. Qc2 Qe2 21. Rab1 Nd3 22. a3 Rb2 23. Rxb2 Rxb2 24. Qd1 Qxd1 25. Rxd1 Bxa3 26. Ne4 Rb3 27. Nc5 Bxc5 28. Bxc5 g6 29. Bd4 f5 30. Ra1 Rb4 31. Rxa5 Rxc4 32. Rd5 Nf4 33. Rd8+ Kf7 34. Be5 Ke6 35. Re8+ Kd5 36. Bxf4 Rxf4 37. Re7 c5 38. Rxh7 Re4 39. Rc7 c4 40. f3 Re6 41. Kf2 Kd4 42. Rd7+ Kc3 43. Rc7 Kd3 44. Rd7+ Kc2 45. Rc7 c3 46. g4 fxg4 47. hxg4 Rb6 48. Ke2 Rb2 49. f4 Kc1+ 50. Kd3 c2 51. Ke4 Kb1 52. Ke5 c1Q 53. Rxc1+ Kxc1 54. Kf6 Rf2 55. Kxg6 Rxf4 56. g5 Kd2 57. Kg7 Ke3 58. g6 Ke4 59. Kh8 Rh4+ 60. Kg7 Ke5 61. Kf8 Kf6 62. g7 Ra4 63. g8N+ Ke6 64. Kg7 Ra7+ 65. Kg6 1/2-1/2

[Event "Barcelona Sant Marti op 05th"]
[Site "Barcelona"]
[Date "2003.04.26"]
[Round "1.31"]
[White "Parals Roura, Jordi"]
[Black "Alcazar Pascual, Lluis"]
[Result "1-0"]
[WhiteElo "1960"]
[BlackElo "1700"]
[PlyCount "107"]
[EventDate "2003.04.26"]
[EventType "swiss"]
[EventRounds "9"]
[EventCountry "ESP"]
[SourceTitle "EXT 2004"]
[Source "ChessBase"]
[SourceDate "2003.11.25"]
[SourceVersion "1"]
[SourceVersionDate "2003.11.25"]
[SourceQuality "1"]

1. d4 Nf6 2. Bg5 e6 3. e4 Be7 4. Nc3 d6 5. Nf3 d5 6. Bd3 dxe4 7. Bxe4 Nxe4 8. Nxe4 Nc6 9. Bxe7 Qxe7 10. 0-0 Bd7 11. Re1 0-0-0 12. c4 f5 13. Nc3 Qf6 14. d5 exd5 15. cxd5 Ne7 16. Qb3 Ng6 17. Qc4 f4 18. Ne4 Qb6 19. Rac1 Bb5 20. Qc3 Rxd5 21. Nc5 Rg8 22. a4 Bc6 23. Nd4 Bd7 24. Nce6 Bxe6 25. Nxe6 Rd7 26. a5 Qc6 27. Qxc6 bxc6 28. Rxc6 Ne7 29. Rc2 Rgd8 30. Nxg7 Rd1 31. Kf1 Rxe1+ 32. Kxe1 Nd5 33. Nf5 Nb4 34. Rd2 Re8+ 35. Kd1 Re5 36. Rd4 Nc6 37. Rxf4 Rxa5 38. Nd4 Rd5 39. Ke2 Nxd4+ 40. Ke3 Ne6 41. Rf6 Nd8 42. Ra6 Kb7 43. Ra1 Rb5 44. Rd1 Kc8 45. Rd2 Rb6 46. f4 Nf7 47. g4 Nd6 48. Rc2 Kd7 49. h4 Rb8 50. f5 Re8+ 51. Kf4 a6 52. Kf3 Re5 53. h5 Re8 54. Rd2 1-0

[Event "Barcelona Sant Marti op 04th"]
[Site "Barcelona"]
[Date "2002.06.01"]
[Round "9.12"]
[White "Parals Roura, Jordi"]
[Black "Alsina Kirchner, Jordi"]
[Result "0-1"]
[WhiteElo "1870"]
[BlackElo "1985"]
[PlyCount "78"]
[EventDate "2002.04.06"]
[EventType "swiss"]
[EventRounds "9"]
[EventCountry "ESP"]
[SourceTitle "EXT 2003"]
[Source "ChessBase"]
[SourceDate "2002.11.25"]
[SourceVersion "1"]
[SourceVersionDate "2002.11.25"]
[SourceQuality "1"]

1. d4 Nf6 2. c4 g6 3. Nc3 Bg7 4. Nf3 d6 5. e4 0-0 6. Be2 e5 7. d5 Nbd7 8. 0-0 Nc5 9. Qc2 a5 10. Bg5 h6 11. Bxf6 Bxf6 12. a3 a4 13. Nd2 Bg7 14. f4 exf4 15. Rxf4 Be5 16. Rff1 Qg5 17. Nf3 Qe3+ 18. Kh1 Bxc3 19. bxc3 Qxe4 20. Qd2 Kg7 21. Rae1 Nb3 22. Qd1 Bf5 23. Nd4 Nxd4 24. cxd4 Qc2 25. Qa1 Rfe8 26. Bf3 Qd2 27. c5 g5 28. Rd1 Qa5 29. Bh5 Bg6 30. Bxg6 fxg6 31. Qb2 Qa6 32. Rde1 Rxe1 33. Rxe1 Rf8 34. Kg1 Qd3 35. Re7+ Kg8 36. Re1 Qf5 37. c6 b6 38. Qa2 Qd3 39. Qb2 g4 0-1

[Event "Barcelona Sant Marti op 04th"]
[Site "Barcelona"]
[Date "2002.04.27"]
[Round "4.15"]
[White "Parals Roura, Jordi"]
[Black "Corriguelas Armillas, Frederic"]
[Result "1-0"]
[WhiteElo "1870"]
[BlackElo "2010"]
[PlyCount "71"]
[EventDate "2002.04.06"]
[EventType "swiss"]
[EventRounds "9"]
[EventCountry "ESP"]
[SourceTitle "EXT 2003"]
[Source "ChessBase"]
[SourceDate "2002.11.25"]
[SourceVersion "1"]
[SourceVersionDate "2002.11.25"]
[SourceQuality "1"]

1. d4 e6 2. c4 Nf6 3. Nf3 b6 4. g3 Bb7 5. Bg2 Be7 6. Nc3 0-0 7. 0-0 d6 8. Qc2 Nbd7 9. e4 e5 10. dxe5 Nxe5 11. Nxe5 dxe5 12. Rd1 Qc8 13. Nd5 Nxd5 14. exd5 Bc5 15. Be3 Bxe3 16. fxe3 Qg4 17. e4 f5 18. exf5 Bc8 19. Rf1 Bxf5 20. Qc3 Rae8 21. Rae1 e4 22. Rf4 Qg6 23. Qd4 e3 24. Rxe3 Rxe3 25. Qxe3 Re8 26. Qf2 Bg4 27. Be4 Qg5 28. d6 h5 29. dxc7 Qe5 30. Bd5+ Kh7 31. Re4 Qxe4 32. Bxe4+ Rxe4 33. b3 Re8 34. c5 b5 35. Qf7 Rc8 36. h3 1-0

[Event "UGA Inverno op"]
[Site "Barcelona"]
[Date "2002.??.??"]
[Round "6"]
[White "Parals Roura, Jordi"]
[Black "Castillo Garcia, Elias"]
[Result "1-0"]
[WhiteElo "1870"]
[BlackElo "1990"]
[PlyCount "83"]
[EventDate "2002.01.21"]
[EventType "swiss"]
[EventRounds "7"]
[EventCountry "ESP"]
[SourceTitle "EXT 2003"]
[Source "ChessBase"]
[SourceDate "2002.11.25"]
[SourceVersion "1"]
[SourceVersionDate "2002.11.25"]
[SourceQuality "1"]

1. d4 d5 2. c4 e6 3. Nc3 Nf6 4. Bg5 Be7 5. Nf3 0-0 6. e3 h6 7. Bxf6 Bxf6 8. Bd3 c6 9. cxd5 exd5 10. Qc2 Re8 11. 0-0 Bg4 12. Nd2 Nd7 13. h3 Be6 14. b4 b5 15. Nb3 Nb6 16. Na5 Rc8 17. Nb7 Qc7 18. Nc5 Nc4 19. a4 Bd7 20. axb5 Re7 21. bxc6 Bxc6 22. b5 Ba8 23. Nxd5 Bxd5 24. Bxc4 Bxc4 25. Qxc4 Bg5 26. Qb4 Rce8 27. e4 f5 28. e5 f4 29. e6 f3 30. g3 Be3 31. Kh2 Bg5 32. d5 Bf6 33. Ne4 Qe5 34. Nxf6+ Qxf6 35. Qc5 Rd8 36. Rxa7 Rxa7 37. Qxa7 Rxd5 38. e7 Re5 39. Qb8+ Kh7 40. e8Q Re2 41. Qf8 Qc3 42. Qf5+ 1-0